| Tag |
First Indicator |
Second Indicator |
Subfields |
| LEADER |
00000cam a2200000 a 4500 |
| 001 |
in00000075617 |
| 005 |
20151008053650.0 |
| 008 |
790711s1979 mau 00010 eng d |
| 020 |
|
|
|a 0816111634
|
| 035 |
|
|
|a (OCoLC)05157522
|
| 035 |
|
|
|9 AAH8212AM
|
| 040 |
|
|
|a CRU
|c CRU
|d TXA
|d UtOrBLW
|
| 049 |
|
|
|a TXAM
|v 1 [1501684]
|v 2 [1501685]
|v 3 [1501686]
|v 4 [1501687]
|v 5 [1501688]
|
| 090 |
|
|
|a Z881
|b .C15219 1964 suppl.3
|
| 110 |
2 |
|
|a Bancroft Library.
|
| 245 |
1 |
0 |
|a Catalog of printed books : third supplement /
|c Bancroft Library, University of California, Berkeley.
|
| 264 |
|
1 |
|a Boston, Mass. :
|b G.K. Hall,
|c 1979.
|
| 300 |
|
|
|a 5 volumes ;
|c 36 cm.
|
| 336 |
|
|
|a text
|b txt
|2 rdacontent
|
| 337 |
|
|
|a unmediated
|b n
|2 rdamedia
|
| 338 |
|
|
|a volume
|b nc
|2 rdacarrier
|
| 610 |
2 |
0 |
|a Bancroft Library.
|
| 999 |
|
|
|a MARS
|
| 999 |
f |
f |
|s dffedac0-8241-3634-a83e-ab296b9af60b
|i da334767-63b4-3aaa-8533-4e3165561d7b
|t 0
|
| 952 |
f |
f |
|p storage
|a Texas A&M University
|b J.J. Pickle Campus
|c High Density Repository
|d Remote Storage
|t 0
|e Z881 .C15219 1964 Suppl.3
|h Library of Congress classification
|i unmediated -- volume
|k v.2
|m A14841091017
|
| 952 |
f |
f |
|p storage
|a Texas A&M University
|b J.J. Pickle Campus
|c High Density Repository
|d Remote Storage
|t 0
|e Z881 .C15219 1964 Suppl.3
|h Library of Congress classification
|i unmediated -- volume
|k v.4
|m A14841088917
|
| 952 |
f |
f |
|p storage
|a Texas A&M University
|b J.J. Pickle Campus
|c High Density Repository
|d Remote Storage
|t 0
|e Z881 .C15219 1964 Suppl.3
|h Library of Congress classification
|i unmediated -- volume
|k v.5
|m A14841089133
|
| 952 |
f |
f |
|p storage
|a Texas A&M University
|b J.J. Pickle Campus
|c High Density Repository
|d Remote Storage
|t 0
|e Z881 .C15219 1964 Suppl.3
|h Library of Congress classification
|i unmediated -- volume
|k v.1
|m A14841090338
|
| 952 |
f |
f |
|p storage
|a Texas A&M University
|b J.J. Pickle Campus
|c High Density Repository
|d Remote Storage
|t 0
|e Z881 .C15219 1964 Suppl.3
|h Library of Congress classification
|i unmediated -- volume
|k v.3
|m A14841090972
|
| 998 |
f |
f |
|a Z881 .C15219 1964 Suppl.3
|s v.1-5
|t 0
|l Remote Storage
|